| 000 | 00449nam a2200133 a 4500 | ||
|---|---|---|---|
| 001 | 000029874 | ||
| 005 | 20200930055855.0 | ||
| 008 | 110426s1986 dr 000 0 spa d | ||
| 040 |
_aDO-SdBNP _bspa _cBNPHU |
||
| 245 | 0 | 0 |
_aLibro del año 1986 : _bmisión de la República Dominicana. |
| 260 |
_aSanto Domingo : _bEditorial Iglesia de Jesucristo de los Santos de los Últimos Días, _c1986. |
||
| 300 |
_a32 p. : _bil., retrs. ; _c28 cm. |
||
| 049 | _aBNPD | ||
| 999 |
_c29366 _d29366 |
||